| 000 | 00377 a2200169 4500 | ||
|---|---|---|---|
| 001 | 183447 | ||
| 020 | _a85-356-0224-0 | ||
| 040 | _cMagnum | ||
| 100 | _aAragão, José Carlos | ||
| 240 | 1 | 0 |
_aGirafa não serve pra nada _lpor |
| 245 | 1 | 0 | _aGirafa não serve pra nada |
| 300 | _a20 | ||
| 362 | 0 | _a2002 | |
| 440 | 1 | _aPaulinas | |
| 697 | _aLITERATURA INFANTO | ||
| 942 | _cBK | ||
| 999 |
_c183447 _d183447 |
||